[Event "Titled Tue 27th May Late"]
[Site "chess.com INT"]
[Date "2025.05.27"]
[Round "3"]
[White "Kovacsy, Barnabas"]
[Black "Hariharan, Shambavi"]
[Result "1-0"]
[WhiteTitle "FM"]
[BlackTitle "WCM"]
[WhiteElo "2252"]
[BlackElo "1892"]
[WhiteFideId "769290"]
[BlackFideId "488160"]
[EventDate "2025.05.27"]

1. e4 e5 2. Nf3 Nc6 3. Bb5 a6 4. Bxc6 dxc6 5. Nc3 f6 6. d4 exd4 7. Qxd4 Qxd4 8.
Nxd4 Bc5 9. Be3 Bb6 10. O-O-O Ne7 11. Rhe1 Bd7 12. f3 O-O-O 13. Na4 Ba7 14. Nb3
Bxe3+ 15. Rxe3 b6 16. Nc3 Kb7 17. Red3 Kc8 18. Nd4 c5 19. Nde2 Bb5 20. Rxd8+
Rxd8 21. Rxd8+ Kxd8 22. Kd2 Bxe2 23. Nxe2 Kd7 24. Ke3 Nc6 25. c3 Ne5 26. b3 c6
27. h3 a5 28. f4 Ng6 29. c4 b5 30. Nc3 b4 31. Nd1 Nh4 32. Kf2 Ng6 33. g3 Nf8 34.
Nb2 Ne6 35. Nd3 Kd6 36. Ke3 g6 37. e5+ fxe5 38. fxe5+ Kc7 39. h4 Kb6 40. Nf4 Nd4
41. Ke4 a4 42. bxa4 Ka5 43. e6 Nf5 44. g4 Ne7 45. Nd3 Kxa4 46. Nxc5+ Ka3 47. Nd3
Kxa2 48. Ke5 Kb3 49. Kd6 Ng8 50. Ne5 Kc2 51. Nxc6 b3 52. Nd4+ Kc3 53. Nxb3 Kxb3
54. e7 Nf6 55. g5 Ne8+ 56. Kd7 Ng7 57. e8=Q Nxe8 58. Kxe8 Kxc4 59. Kf7 Kd5 60.
Kg7 Ke5 61. Kxh7 Kf5 62. Kg7 Kg4 63. Kxg6 Kxh4 64. Kf6 1-0

[Event "Titled Tue 27th May Late"]
[Site "chess.com INT"]
[Date "2025.05.27"]
[Round "3"]
[White "Martin Fuentes, Alberto"]
[Black "Jahnz, Laurin"]
[Result "0-1"]
[WhiteTitle "FM"]
[BlackTitle "CM"]
[WhiteElo "2376"]
[BlackElo "2233"]
[WhiteFideId "2292289"]
[BlackFideId "16261089"]
[EventDate "2025.05.27"]

1. e4 c5 2. Nc3 e6 3. g3 a6 4. Bg2 b5 5. d3 Bb7 6. Nh3 d6 7. O-O Nc6 8. f4 Nf6
9. e5 Nd7 10. exd6 Bxd6 11. Be3 O-O 12. Ne4 Be7 13. Qh5 Nf6 14. Nxf6+ Bxf6 15.
Bxc5 Bd4+ 16. Kh1 Bxc5 17. Qxc5 Rc8 18. Qf2 Qd7 19. Rac1 Nb4 20. a3 Bxg2+ 21.
Qxg2 Nd5 22. Rfe1 b4 23. axb4 Nxb4 24. Red1 Qa4 25. c3 Nd5 26. Rd2 Rfd8 27. Ng5
Rb8 28. Qe4 Qxe4+ 29. Nxe4 Rb6 30. Nc5 Ne3 31. b4 Rd5 32. Ra2 Rdd6 33. Kg1 Kf8
34. Kf2 Ng4+ 35. Kf3 h5 36. Rca1 Ke7 37. h3 Nf6 38. Rxa6 Nd5 39. Rxb6 Rxb6 40.
Ra7+ Ke8 41. Ne4 f5 42. Nc5 Nxc3 43. Rxg7 Rxb4 44. Nxe6 Rb3 45. Ke3 Nd1+ 46. Kd4
Nf2 47. Nc5 Ra3 48. Ke5 Nxh3 49. Kxf5 Nf2 50. Ke6 Kf8 51. Rf7+ Kg8 52. Re7 Nxd3 0-1

[Event "Titled Tue 27th May Late"]
[Site "chess.com INT"]
[Date "2025.05.27"]
[Round "3"]
[White "Deveci, Huseyin Said"]
[Black "Skramstad, Oda Kofoed"]
[Result "1-0"]
[WhiteTitle "CM"]
[BlackTitle "WCM"]
[WhiteElo "2212"]
[BlackElo "1898"]
[WhiteFideId "26322455"]
[BlackFideId "1564862"]
[EventDate "2025.05.27"]

1. Nf3 Nf6 2. c4 g6 3. b3 Bg7 4. Bb2 O-O 5. h4 d6 6. e3 e5 7. Be2 Bg4 8. Nc3 Nc6
9. a3 a6 10. g3 Qe7 11. O-O Nd8 12. d4 e4 13. Ng5 h5 14. Bxg4 hxg4 15. d5 c6 16.
dxc6 bxc6 17. Qc2 d5 18. Rad1 Rc8 19. Ne2 Ne6 20. Nxe6 fxe6 21. Nf4 Kh7 22. Bxf6
Bxf6 23. Qe2 e5 24. Ng2 Qe6 25. Rd2 Kg7 26. Rfd1 Rfd8 27. c5 Ra8 28. b4 Rh8 29.
a4 g5 30. b5 gxh4 31. gxh4 Bxh4 32. bxc6 Be7 33. Rxd5 Rad8 34. Rd7 Kf7 35. R1d6
Qf5 36. Qc4+ Ke8 37. c7 Rc8 38. Qxa6 Kf7 39. Qc4+ Ke8 40. Qb5 Kf7 41. Qb3+ Ke8
42. Qd5 Qh5 43. Rxe7+ Kxe7 44. Qe6+ Kf8 45. Qxc8+ Kg7 46. Qxh8+ Qxh8 47. Rd8 Qh6
48. c8=Q g3 49. Qg4+ Kf7 50. Rd7+ Ke8 51. fxg3 Qc6 52. Rd6 Qxc5 53. Qd7+ Kf8 54.
Rf6+ Kg8 55. Qf7+ Kh8 56. Rh6# 1-0

[Event "Titled Tue 27th May Late"]
[Site "chess.com INT"]
[Date "2025.05.27"]
[Round "3"]
[White "Chocenka, Dmitrijus"]
[Black "Garcia Correa, Jose Ricardo"]
[Result "1-0"]
[WhiteTitle "FM"]
[BlackTitle "FM"]
[WhiteElo "2304"]
[BlackElo "2103"]
[WhiteFideId "12802336"]
[BlackFideId "5101832"]
[EventDate "2025.05.27"]

1. e4 e5 2. Nf3 Nc6 3. d4 exd4 4. Bc4 Bc5 5. O-O Qf6 6. c3 dxc3 7. Nxc3 Nge7 8.
Nd5 Nxd5 9. exd5 Ne7 10. Bg5 Qg6 11. Re1 f6 12. Bf4 Qg4 13. Qd2 g5 14. d6 Qxf4
15. Rxe7+ Kd8 16. dxc7+ Kxe7 17. Re1+ Kf8 18. Qd5 Kg7 19. Qxc5 d6 20. Qd5 Rf8
21. Re7+ Kh6 22. h4 Bf5 23. hxg5+ fxg5 24. g3 Qg4 25. Qxd6+ Bg6 26. Ne5 Qf5 27.
Qd2 Rfe8 28. Nxg6 hxg6 29. Rxe8 Rxe8 30. Qd4 b5 31. Bd3 Qc8 32. Qf6 Rg8 33. f4
Qg4 34. fxg5+ Qxg5 35. Qxg5+ Kxg5 36. Bxb5 Rc8 37. Kf1 Rxc7 38. Bd3 Re7 39. Kf2
Kf6 40. b4 g5 41. a4 Ke5 42. a5 Kd4 43. Be2 Re3 44. b5 Ra3 45. a6 Kc5 46. Bf1 g4
47. Be2 Ra2 48. Ke3 Ra3+ 49. Kf4 Ra4+ 50. Kg5 Kb6 51. Bxg4 Ra3 52. Kf4 Kxb5 53.
Be2+ Kb6 54. g4 Kc5 55. g5 Kd6 56. Kf5 1-0

[Event "Titled Tue 27th May Late"]
[Site "chess.com INT"]
[Date "2025.05.27"]
[Round "3"]
[White "Saidov, Bilukhadzh"]
[Black "Khalafova, Narmin"]
[Result "0-1"]
[WhiteTitle "FM"]
[BlackTitle "WGM"]
[WhiteElo "2309"]
[BlackElo "2248"]
[WhiteFideId "34165476"]
[BlackFideId "13402625"]
[EventDate "2025.05.27"]

1. d4 d5 2. Nf3 Nf6 3. Bf4 c5 4. e3 Nc6 5. c3 Qb6 6. Qc2 Bf5 7. dxc5 Bxc2 8.
cxb6 axb6 9. Na3 Bf5 10. Nb5 O-O-O 11. Nfd4 Bg6 12. Bc7 Rd7 13. Bxb6 e5 14. Nb3
Be7 15. Be2 Kb8 16. Nc5 Bxc5 17. Bxc5 Ne4 18. Ba3 d4 19. f3 d3 20. fxe4 dxe2 21.
Kxe2 Bxe4 22. Rhd1 Rhd8 23. Rxd7 Rxd7 24. Bd6+ Kc8 25. c4 f6 26. g3 b6 27. b3
Kb7 28. Ba3 Bd3+ 29. Ke1 e4 30. Rd1 Ne5 31. Nd4 g6 32. h3 f5 33. Bb2 Re7 34. Kd2
Re8 35. Kc3 Kc7 36. a4 Kb7 37. Ra1 Nf7 38. a5 Ne5 39. axb6 Kxb6 40. Ba3 Nf7 41.
c5+ Kc7 42. Bb4 Kb7 43. c6+ Kb6 44. Ba5+ Kc5 45. b4+ Kd5 46. b5 Nd6 47. Kb4 g5
48. b6 f4 49. gxf4 gxf4 50. b7 f3 51. Nf5 Kxc6 52. Nxd6 Kxd6 0-1

[Event "Titled Tue 27th May Late"]
[Site "chess.com INT"]
[Date "2025.05.27"]
[Round "3"]
[White "Erece, Ece Alkim"]
[Black "Yang, Kaiqi"]
[Result "1-0"]
[WhiteTitle "WCM"]
[BlackTitle "GM"]
[WhiteElo "1843"]
[BlackElo "2481"]
[WhiteFideId "6346006"]
[BlackFideId "8604398"]
[EventDate "2025.05.27"]

1. e4 c5 2. Nf3 d6 3. c3 Nf6 4. Bd3 Nc6 5. h3 g6 6. Bc2 Bg7 7. a3 O-O 8. d4 e5
9. dxe5 dxe5 10. O-O Qc7 11. Be3 b6 12. Nbd2 Ba6 13. Re1 Rad8 14. Qc1 Nh5 15.
Nf1 Nf4 16. Ng3 h5 17. b3 c4 18. b4 Bc8 19. Rd1 Be6 20. Rxd8 Rxd8 21. Qf1 Bf6
22. Rd1 h4 23. Bxf4 exf4 24. Ne2 Ne5 25. Rxd8+ Qxd8 26. Nxf4 Nxf3+ 27. gxf3 Qd2
28. Nxe6 Qxc2 29. Nf4 Bxc3 30. Qxc4 Qd2 31. Nd5 Bd4 32. Qf1 b5 33. Kg2 Kg7 34.
f4 Bb2 35. f5 Bxa3 36. fxg6 fxg6 37. Qxb5 Qg5+ 38. Kf3 Bc1 39. Qd7+ Kh6 40. Qg4
Qd8 41. Nf4 Bxf4 42. Qxf4+ g5 43. Qf5 Qd3+ 44. Kg2 Qd2 45. Qf6+ Kh5 46. Qf7+ Kh6
47. Qf6+ Kh7 48. Qf5+ Kg7 49. e5 Qd5+ 50. Kh2 Qd2 51. e6 Qd6+ 52. Kg2 Qe7 53.
Kf3 Kh6 54. Kg4 Qxb4+ 55. f4 Qe7 56. fxg5+ Qxg5+ 57. Qxg5+ Kh7 58. e7 Kh8 59.
e8=Q+ Kh7 60. Qgg6# 1-0

[Event "Titled Tue 27th May Late"]
[Site "chess.com INT"]
[Date "2025.05.27"]
[Round "3"]
[White "Bahmani, Koorosh"]
[Black "Mesquita, Eduardo Barbosa"]
[Result "1-0"]
[WhiteTitle "CM"]
[WhiteElo "2208"]
[BlackElo "2014"]
[WhiteFideId "42576750"]
[BlackFideId "22757163"]
[EventDate "2025.05.27"]

1. Nf3 d5 2. g3 Nf6 3. Bg2 Nc6 4. d4 Bg4 5. O-O Qc8 6. Re1 Bh3 7. Bh1 h6 8. c4
e6 9. Nc3 Bb4 10. cxd5 exd5 11. Qa4 O-O 12. Bf4 Qf5 13. Bxc7 Ng4 14. Bf4 Rfe8
15. a3 Ba5 16. b4 Bb6 17. b5 Na5 18. e3 g5 19. Be5 Nc4 20. Nxd5 Nd2 21. Qd1 Ne4
22. Re2 Rad8 23. Nxb6 axb6 24. Rc1 Nexf2 25. Rxf2 Rxe5 26. Re2 Rxe3 27. Rxe3
Nxe3 28. Qe2 Re8 29. Ne5 Ng4 30. Re1 Kg7 31. Be4 Qc8 32. Bf3 Nxe5 33. dxe5 Qc5+
34. Qf2 Qxb5 35. Qd4 Qc5 36. Qxc5 bxc5 37. Bxb7 Bd7 38. Bd5 Rb8 39. Rc1 Rc8 40.
Rf1 Be8 41. Rc1 Kg6 42. Be4+ Kg7 43. Kf2 Rc7 44. Ke3 Bb5 45. Bd5 Kg6 46. Ke4 f5+
47. exf6 Kxf6 48. Rc2 Re7+ 49. Kf3 1-0

[Event "Titled Tue 27th May Late"]
[Site "chess.com INT"]
[Date "2025.05.27"]
[Round "3"]
[White "Le, Tuan Minh"]
[Black "Hamitevici, Vladimir"]
[Result "1-0"]
[WhiteTitle "GM"]
[BlackTitle "GM"]
[WhiteElo "2598"]
[BlackElo "2423"]
[WhiteFideId "12401153"]
[BlackFideId "13902393"]
[EventDate "2025.05.27"]

1. d4 Nf6 2. Nf3 c5 3. c3 b6 4. Bf4 Bb7 5. e3 g6 6. h3 Bg7 7. Be2 O-O 8. O-O d6
9. a4 Na6 10. a5 Nc7 11. a6 Bc6 12. c4 Qc8 13. Nc3 Nxa6 14. d5 Bd7 15. e4 Nc7
16. e5 Nfe8 17. Re1 a6 18. Bf1 b5 19. b3 bxc4 20. bxc4 a5 21. Qd2 a4 22. Bh6 a3
23. Ne4 Bf5 24. Bxg7 Kxg7 25. Ng3 h6 26. Re3 a2 27. Rxa2 Rxa2 28. Qxa2 Na6 29.
Nxf5+ gxf5 30. e6 Nb4 31. Qb2+ Kh7 32. Nh4 Ng7 33. Rg3 f6 34. Nxf5 Nxf5 35. Qb1
Rg8 36. Qxf5+ Kh8 37. Qh5 Rxg3 38. Qxh6+ Kg8 39. fxg3 Qf8 40. Qh5 Qg7 41. g4 Nc2
42. Bd3 Nd4 43. Bg6 Kf8 44. Kh2 Ne2 45. Qf5 Nd4 46. Qb1 Qh6 47. Bd3 Qf4+ 48. Kh1
Qf2 49. Qc1 Kg7 50. g5 f5 51. Qf1 Qxf1+ 52. Bxf1 Kg6 53. h4 Kh5 54. g3 f4 55.
Kg2 fxg3 56. Kh3 g2 57. Bxg2 Nf5 58. Bf3+ Kg6 59. Be2 Ne3 60. Kh2 Kf5 61. Kg3
Kg6 62. Kf3 Ng2 63. Kxg2 1-0

[Event "Titled Tue 27th May Late"]
[Site "chess.com INT"]
[Date "2025.05.27"]
[Round "3"]
[White "Ismagilov, Damir"]
[Black "Zahn, Wolfgang"]
[Result "1-0"]
[WhiteTitle "CM"]
[BlackTitle "FM"]
[WhiteElo "2173"]
[BlackElo "2280"]
[WhiteFideId "34199982"]
[BlackFideId "4620984"]
[EventDate "2025.05.27"]

1. d4 Nf6 2. c4 g6 3. Nc3 d5 4. cxd5 Nxd5 5. e4 Nxc3 6. bxc3 Bg7 7. Bc4 O-O 8.
Ne2 c5 9. O-O Nc6 10. Be3 Na5 11. Bd3 c4 12. Bc2 b5 13. d5 e6 14. Bd4 e5 15. Bc5
Re8 16. a4 Nb7 17. Be3 Nd6 18. axb5 Bd7 19. Rxa7 Rxa7 20. Bxa7 Nxb5 21. Bc5 Qa5
22. Bb4 Qa2 23. Ba4 Ra8 24. Bxb5 Bxb5 25. Ng3 Bh6 26. h4 Bd7 27. Qf3 Ra6 28. d6
Kg7 29. Rd1 Qc2 30. Qe2 Ra2 31. Qxc2 Rxc2 32. Ra1 Kf6 33. Nf1 Ke6 34. Ra8 Bg7
35. Ne3 Rc1+ 36. Kh2 f5 37. exf5+ gxf5 38. Nxc4 Rc2 39. Nb6 Bc6 40. Rc8 Be4 41.
d7 Bf6 42. Re8+ Kf7 43. d8=Q Bxd8 44. Rxd8 Rxf2 45. Rd7+ Kg6 46. Kh3 Rxg2 47.
Rd6+ Kh5 48. Nd7 Rg6 49. Nf6+ Kh6 50. Nxe4 fxe4 51. Rxg6+ Kxg6 52. Bc5 Kf5 53.
Be3 Ke6 54. c4 Kf5 55. Kg3 h5 56. Kh3 Ke6 57. c5 Kd7 58. Kg3 Kc6 59. Kf2 Kd5 60.
Ke2 Kc6 61. Kd2 Kd5 62. Kc3 Kc6 63. Kc4 Kd7 64. Kd5 Kc7 65. Kxe5 Kc6 66. Kxe4 1-0

[Event "Titled Tue 27th May Late"]
[Site "chess.com INT"]
[Date "2025.05.27"]
[Round "3"]
[White "Perry, Patrick"]
[Black "Fernandez Hernandez, Arturo A."]
[Result "1-0"]
[BlackTitle "FM"]
[WhiteElo "2296"]
[BlackElo "2300"]
[WhiteFideId "30917727"]
[BlackFideId "3509230"]
[EventDate "2025.05.27"]

1. e4 c5 2. d4 cxd4 3. Nf3 Nf6 4. e5 Nd5 5. Qxd4 e6 6. Bc4 Nc6 7. Qe4 Nb6 8. Bb3
d5 9. Qe2 Be7 10. O-O O-O 11. Nc3 Na5 12. Rd1 Bd7 13. Be3 Nac4 14. Bxb6 Nxb6 15.
Nd4 Rc8 16. Rd3 Bc5 17. Rad1 f5 18. exf6 Qxf6 19. Nf3 Bd6 20. Re3 Rce8 21. Nb5
Bc5 22. Rc3 Bb4 23. Re3 a6 24. Nbd4 Bc8 25. c3 Bd6 26. Ne5 Bb8 27. Re1 Qd8 28.
Rf3 Nd7 29. Nxd7 Rxf3 30. Nxb8 Rf6 31. Qe5 Kf8 32. Ba4 Re7 33. Nbc6 bxc6 34.
Nxc6 Qc7 35. Nxe7 Qxe5 36. Rxe5 Kxe7 37. g3 Kd6 38. f4 Rf7 39. Bc2 Rb7 40. b3 g6
41. Kf2 Rc7 42. Re3 d4 43. Rd3 Rxc3 44. Rxd4+ Kc5 45. Rd2 Kb4 46. Bd3 Bb7 47.
Ke2 Ka3 48. Rc2 Rxc2+ 49. Bxc2 Kxa2 50. Kd3 Kb2 51. Bd1 Bd5 52. b4 Ka3 53. Kd4
Kxb4 54. g4 a5 55. f5 gxf5 56. gxf5 Bb3 57. Bxb3 Kxb3 58. fxe6 a4 59. e7 a3 60.
e8=Q a2 61. Qa8 a1=Q+ 62. Qxa1 Kc2 63. Qa7 Kd2 64. Qxh7 Ke2 65. Qh3 Kf2 66. Qg3+
Ke2 67. h4 1-0

[Event "Titled Tue 27th May Late"]
[Site "chess.com INT"]
[Date "2025.05.27"]
[Round "3"]
[White "Ertan, Can"]
[Black "Perez Rojas, Jorge"]
[Result "0-1"]
[WhiteTitle "IM"]
[BlackTitle "FM"]
[WhiteElo "2369"]
[BlackElo "2100"]
[WhiteFideId "6306330"]
[BlackFideId "3452093"]
[EventDate "2025.05.27"]

1. e4 g6 2. d4 Bg7 3. Nc3 d5 4. exd5 Nf6 5. Bb5+ Nbd7 6. Nf3 O-O 7. O-O Nb6 8.
Re1 Nbxd5 9. Nxd5 Nxd5 10. c4 Nf6 11. h3 c6 12. Ba4 Be6 13. Rxe6 fxe6 14. Qe2
Qd7 15. Bf4 h6 16. Re1 g5 17. Be5 a6 18. Bb3 Rae8 19. h4 Nh7 20. c5 g4 21. Bxg7
Kxg7 22. Qe5+ Nf6 23. Bxe6 Qd8 24. Bxg4 Qb8 25. Qe6 Qf4 26. Bf5 h5 27. Re5 Qh6
28. Bh3 Nh7 29. Ng5 Qxe6 30. Nxe6+ Kh6 31. Nxf8 Rxf8 32. Rxe7 Nf6 33. Re6 Kg7
34. Re7+ Rf7 35. Rxf7+ Kxf7 36. Bg4 hxg4 37. Kf1 Nd5 38. Ke2 Nf4+ 39. Kf1 Kf6
40. g3 Nh5 41. Ke2 Kf5 42. Ke3 Nf6 43. Kd3 Nd5 44. a3 a5 45. Kc4 a4 46. b4 axb3
47. Kxb3 Ke4 48. Kc4 Nf6 49. a4 Nd5 50. h5 Nf6 51. h6 Nh7 52. Kb4 Kxd4 53. a5
Kd5 54. a6 bxa6 55. Ka5 Kxc5 56. Kxa6 Kb4 57. Kb7 c5 58. Kc6 c4 59. Kd6 c3 60.
Ke6 c2 61. Kf7 c1=Q 62. Kg7 Qg5+ 63. Kxh7 Kc5 64. f4 gxf3 65. Kh8 Qxh6+ 66. Kg8
Qg5+ 67. Kf7 f2 68. Ke6 f1=Q 0-1

[Event "Titled Tue 27th May Late"]
[Site "chess.com INT"]
[Date "2025.05.27"]
[Round "3"]
[White "Movahed, Sina"]
[Black "Khlebovich, Alexander"]
[Result "1/2-1/2"]
[WhiteTitle "GM"]
[BlackTitle "IM"]
[WhiteElo "2518"]
[BlackElo "2423"]
[WhiteFideId "42520835"]
[BlackFideId "4169123"]
[EventDate "2025.05.27"]

1. e4 c5 2. Nf3 d6 3. Nc3 Nf6 4. d4 cxd4 5. Nxd4 a6 6. Bd3 g6 7. f3 Bg7 8. Be3
Nc6 9. Qd2 h5 10. O-O-O Bd7 11. Kb1 Rc8 12. Rhe1 Qa5 13. Nb3 Qc7 14. h3 b5 15.
g4 Ne5 16. g5 Nxf3 17. Qe2 Nxe1 18. gxf6 exf6 19. Nd5 Qb7 20. Rxe1 Be6 21. Nd4
O-O 22. Nf5 Bxf5 23. Bd4 Rfe8 24. Qf2 Re5 25. Bxe5 dxe5 26. exf5 Qxd5 27. fxg6
fxg6 28. Bxg6 Rd8 29. a3 Qd2 30. Qg1 Qg5 31. Qb6 Rf8 32. Rg1 Qh6 33. Qxa6 f5 34.
Qxb5 f4 35. Be4 f3 36. Qd5+ Kh8 37. Bxf3 Qe3 38. Rf1 e4 39. Qxh5+ Kg8 40. Qd5+
Kh8 41. Bg2 Rxf1+ 42. Bxf1 Qe1+ 43. Ka2 Qxf1 44. Qxe4 Qf7+ 45. c4 Qf2 46. Qb7
Qc2 47. Qb3 Qc1 48. Qb5 Qc2 49. c5 Qe4 50. Qb3 Qd4 51. c6 Qc5 52. Qe6 Be5 53.
Qe8+ Kg7 54. Qd7+ Kf6 55. Qb7 Qc4+ 56. Ka1 Qc1+ 57. Ka2 Qc4+ 58. Kb1 Qd3+ 59.
Ka1 Qf1+ 60. Ka2 Qc4+ 1/2-1/2

[Event "Titled Tue 27th May Late"]
[Site "chess.com INT"]
[Date "2025.05.27"]
[Round "3"]
[White "Pereyra, Horacio"]
[Black "Nowak, Mikolaj"]
[Result "0-1"]
[WhiteElo "2133"]
[BlackElo "2316"]
[WhiteFideId "113700"]
[BlackFideId "1191365"]
[EventDate "2025.05.27"]

1. d4 f6 2. Nc3 Kf7 3. e4 g6 4. Bd3 Bh6 5. Bxh6 Nxh6 6. Qd2 Kg7 7. h4 d6 8. h5
e5 9. hxg6 hxg6 10. Nge2 Nc6 11. d5 Ne7 12. O-O-O Bd7 13. g3 Ng4 14. f3 Nf2 15.
Rxh8 Qxh8 16. Rf1 Nxd3+ 17. cxd3 Qh3 18. Rd1 Rh8 19. d4 Qg2 20. Qe3 Rh2 21. dxe5
fxe5 22. Qg5 Ng8 23. Qd8 Bb5 24. Qxc7+ Kh8 25. Qxd6 Bxe2 26. Qxe5+ Kh7 27. Qc7+
Kh6 28. Qf4+ Kg7 29. Rd2 Qf1+ 30. Kc2 Bd3+ 31. Kb3 Rxd2 32. Qxd2 Qxf3 33. Qf4
Qxf4 34. gxf4 Kf8 35. e5 Ne7 36. Kb4 b6 37. d6 Nc6+ 38. Ka3 g5 39. fxg5 Nxe5 40.
Nd5 Nc4+ 41. Kb4 Nxd6 42. Nc7 Ke7 43. a4 a5+ 44. Ka3 Kd7 45. Nd5 Kc6 46. Ne7+
Kb7 47. g6 Nc4+ 48. Kb3 Ne5 49. g7 Bc4+ 50. Kc3 Bf7 51. b3 Nd7 52. Kd4 Nf6 53.
Ke5 Ng8 54. Nf5 Bxb3 55. Nd6+ Ka6 56. Nb5 Bxa4 57. Nc7+ Kb7 58. Kd6 Bb3 59. Nb5
a4 60. Na3 Ka6 61. Kc6 Ne7+ 62. Kd7 Nf5 0-1

[Event "Titled Tue 27th May Late"]
[Site "chess.com INT"]
[Date "2025.05.27"]
[Round "3"]
[White "Karas, Eugenia"]
[Black "Yushko, Olga"]
[Result "1-0"]
[WhiteTitle "WFM"]
[BlackTitle "WFM"]
[WhiteElo "2124"]
[BlackElo "2036"]
[WhiteFideId "463485"]
[BlackFideId "14114500"]
[EventDate "2025.05.27"]

1. Nf3 Nf6 2. b3 e6 3. Bb2 d5 4. e3 Be7 5. Be2 O-O 6. O-O c5 7. d4 Nc6 8. Nbd2
b6 9. c4 Bb7 10. cxd5 Nxd5 11. dxc5 Bxc5 12. Nc4 Rc8 13. a3 f6 14. b4 Be7 15.
Qb3 Kh8 16. Rfd1 Qe8 17. b5 Nd8 18. a4 Qh5 19. Nd4 Qg6 20. Bf3 e5 21. Nc6 Bxc6
22. bxc6 Nb4 23. Rac1 e4 24. Be2 Nbxc6 25. h3 Bc5 26. Nd6 Rb8 27. Ba3 Ne5 28.
Bxc5 Ne6 29. Ba3 f5 30. Bb2 f4 31. Bxe5 f3 32. Bf1 Qf5 33. Bg3 Ng5 34. Qd5 Qf6
35. Qe5 Qh6 36. Nf5 Qg6 37. Nh4 Qh5 38. Rd5 h6 39. Qd6 Qf7 40. Ng6+ Kg8 41. Nxf8
Rxf8 42. Rdd1 h5 43. Qd5 Ne6 44. Qd6 h4 45. Bxh4 fxg2 46. Bxg2 g5 47. Bg3 g4 48.
Bxe4 gxh3 49. Qd3 Ng5 50. Bd5 Ne6 51. Qe4 h2+ 52. Kh1 Re8 53. Bxe6 Rxe6 54. Qg4+
Kh7 55. Rd5 Rg6 56. Rh5+ Kg7 57. Qh4 Qf3+ 58. Kxh2 Kf7 59. Rh7+ Ke6 60. Qh3+ Kf6
61. Qh4+ Ke6 62. Qf4 Qd5 63. Qe5+ Qxe5 64. Bxe5 Kxe5 65. Rxa7 Rf6 66. f4+ Ke4
67. Rc3 Rh6+ 68. Kg3 Rg6+ 69. Kf2 Rh6 70. Rg7 Rh2+ 71. Rg2 Rh1 72. Rb3 Ra1 73.
Rb4+ Kf5 74. Rxb6 Rxa4 75. Kf3 Ra3 76. Rg5# 1-0

[Event "Titled Tue 27th May Late"]
[Site "chess.com INT"]
[Date "2025.05.27"]
[Round "3"]
[White "Li, Hui"]
[Black "Kikuchi Cadilhac, Mariana Sawae"]
[Result "1-0"]
[WhiteTitle "CM"]
[BlackTitle "WFM"]
[WhiteElo "2041"]
[BlackElo "1849"]
[WhiteFideId "15400310"]
[BlackFideId "2144433"]
[EventDate "2025.05.27"]

1. e4 c6 2. d4 d5 3. Nd2 dxe4 4. Nxe4 Nf6 5. Nxf6+ exf6 6. c3 Bd6 7. Bd3 O-O 8.
Qc2 Re8+ 9. Ne2 h5 10. O-O Nd7 11. Bf4 Nf8 12. Bxd6 Qxd6 13. Rfe1 Bg4 14. Ng3
Re7 15. Rxe7 Qxe7 16. h3 h4 17. Nf5 Bxf5 18. Bxf5 Re8 19. Qd2 Nd7 20. Bxd7 Qxd7
21. Re1 Kf8 22. Re3 Qd5 23. Rxe8+ Kxe8 24. a3 Qe4 25. Qe3 f5 26. g3 Kd7 27. Qxe4
fxe4 28. gxh4 Kd6 29. c4 a5 30. b3 Ke6 31. Kg2 b5 32. a4 bxa4 33. bxa4 Kf5 34.
Kg3 g6 35. Kg2 Kf4 36. Kf1 Kf5 37. Ke2 Ke6 38. Ke3 f5 39. Kf4 Kf6 40. d5 cxd5
41. cxd5 Ke7 42. Kg5 Kd6 43. h5 gxh5 44. Kxf5 Kxd5 45. Kf4 Kc4 46. Kxe4 Kb4 47.
f4 Kxa4 48. f5 Kb3 49. f6 a4 50. f7 a3 51. f8=Q a2 52. Qf7+ Kb2 53. Qb7+ Ka1 54.
Qg7+ Kb1 55. Qg1+ Kb2 56. Qf2+ Kb1 57. Qf1+ Kb2 58. Qb5+ Ka1 59. Qxh5 Kb2 60.
Qe5+ Kb1 61. h4 a1=Q 62. Qxa1+ Kxa1 1-0

[Event "Titled Tue 27th May Late"]
[Site "chess.com INT"]
[Date "2025.05.27"]
[Round "3"]
[White "Vagman, Roy"]
[Black "Eljanov, Pavel"]
[Result "1-0"]
[WhiteTitle "FM"]
[BlackTitle "GM"]
[WhiteElo "2417"]
[BlackElo "2668"]
[WhiteFideId "2828995"]
[BlackFideId "14102951"]
[EventDate "2025.05.27"]

1. e4 e5 2. Nf3 Nc6 3. Bb5 a6 4. Ba4 Nf6 5. Nc3 b5 6. Bb3 d6 7. Ng5 Be6 8. Bxe6
fxe6 9. Nxe6 Qd7 10. Nxf8 Rxf8 11. d3 Kf7 12. Bg5 Kg8 13. Bxf6 Rxf6 14. Nd5 Rf7
15. Qd2 Nd4 16. c3 Ne6 17. Ne3 Nf4 18. O-O-O a5 19. Rhf1 b4 20. c4 Ne6 21. g3
Rf3 22. Nf5 Rf8 23. Qe2 Nd4 24. Nxd4 exd4 25. h4 Qf7 26. Rd2 a4 27. Qd1 a3 28.
bxa3 bxa3 29. Qb3 c5 30. Qxa3 Qxc4+ 31. dxc4 Rxa3 32. Rc2 Rxg3 33. fxg3 Rxf1+
34. Kb2 Rf8 35. a4 Ra8 36. Ka3 Kf7 37. Rb2 Ke6 38. Rb7 d3 39. Rb3 d2 40. Rd3 Ke5
41. Rxd2 Ra6 42. Kb3 Kxe4 43. Rd5 g6 44. h5 gxh5 45. Rxh5 Rb6+ 46. Ka3 Kd4 47.
Rh4+ Kc3 48. a5 Rb3+ 49. Ka4 Rb4+ 50. Ka3 h5 51. Rxh5 Kxc4 52. Rh4+ Kc3 53. Rh3
Rb5 54. g4+ Kc4 55. Ka4 Rb4+ 56. Ka3 Kb5 57. Rb3 d5 58. Rxb4+ cxb4+ 59. Kb3 d4
60. g5 d3 61. g6 d2 62. Kc2 Ka4 63. g7 b3+ 64. Kxd2 1-0

[Event "Titled Tue 27th May Late"]
[Site "chess.com INT"]
[Date "2025.05.27"]
[Round "3"]
[White "Tikhonov, Viacheslav"]
[Black "Clawitter, Craig"]
[Result "1-0"]
[WhiteTitle "CM"]
[WhiteElo "2183"]
[BlackElo "2050"]
[WhiteFideId "44196407"]
[BlackFideId "2023105"]
[EventDate "2025.05.27"]

1. e4 e6 2. d4 d5 3. Bd3 dxe4 4. Bxe4 Nf6 5. Bf3 c5 6. Ne2 Nc6 7. Be3 cxd4 8.
Nxd4 Ne5 9. Be2 Bd7 10. O-O Be7 11. Nc3 O-O 12. Bf4 Nc6 13. Bg3 Nxd4 14. Qxd4
Bc6 15. Qe3 Qb6 16. Qxb6 axb6 17. a3 Rac8 18. Rfd1 Nd5 19. Ne4 Rfd8 20. h3 Nf4
21. Bxf4 Bxe4 22. c3 f6 23. Rxd8+ Rxd8 24. Bc7 Rd2 25. Bc4 Bd5 26. Bxd5 exd5 27.
Bxb6 Rxb2 28. Bd4 Kf7 29. a4 Bd6 30. g3 Be5 31. a5 Bxd4 32. cxd4 Rb4 33. Rc1
Rxd4 34. Rc7+ Kg6 35. Rxb7 Ra4 36. Rb5 d4 37. Rd5 Kf7 38. Kf1 Ke6 39. Rb5 d3 40.
Ke1 Ra2 41. f4 Rg2 42. a6 Ra2 43. Rb6+ Kd5 44. Rb7 Rxa6 45. Rxg7 Ke4 46. Rxh7
Ke3 47. Re7+ Kf3 48. Rd7 Ke3 49. Re7+ Kf3 50. Kd2 Kxg3 51. Kxd3 Kxf4 52. Ke2 Kg3
53. Rh7 Ra3 54. h4 f5 55. h5 f4 56. Rg7+ Kh4 57. h6 Ra6 58. h7 Rh6 59. Kf3 Kh5
60. Kxf4 Kh4 61. Rg1 Kh5 62. Rh1+ Kg6 63. Rxh6+ Kxh6 64. h8=Q+ Kg6 65. Qg8+ Kf6
66. Qg5+ Ke6 67. Ke4 Kd7 68. Kd5 Kc7 69. Qf6 Kb7 70. Kc5 Ka8 71. Kb6 Kb8 72.
Qf8# 1-0